The glamour of Near East excavation : an account of the treasure hunt for the buried art, wisdom & history of the ancient East, from the Nile to Babylon, the adventures, disappointments & triumphs of the hunters, & the knowledge thus acquired of the ancient world /

محفوظ في:

المؤلف الرئيسي: Baikie, James, 1866-1931 (مؤلف)

التنسيق: كتاب

اللغة: English

منشور في: London : Seeley, Service & co. ltd., 1927.

الموضوعات:

الوسوم: إضافة وسم

لا توجد وسوم, كن أول من يضع وسما على هذه التسجيلة!

رقم الطلب: DS56 .B13 1927

LEADER 01031namaa2200265 4500
001 20777
003 OSt
005 20260311053251.0
008 130303s1927 enkf 000 0 eng d
010 |a 28010726 
040 |c ARCE Library 
043 |a aw----- 
050 4 |a DS56 .B13 1927 
100 1 |a Baikie, James,  |d 1866-1931,  |e author  |9 26089 
245 1 4 |a The glamour of Near East excavation :  |b an account of the treasure hunt for the buried art, wisdom & history of the ancient East, from the Nile to Babylon, the adventures, disappointments & triumphs of the hunters, & the knowledge thus acquired of the ancient world /   |c by James Baikie. 
264 1 |a London :  |b Seeley, Service & co. ltd.,  |c 1927. 
300 |a 2 preliminary leaves, 11-348 pages :  |b frontispiece, plates ;  |c 23 cm. 
650 0 |a Excavations (Archaeology) 
651 0 |a Egypt  |x Antiquities. 
651 0 |a Assyria  |x Antiquities. 
651 0 |a Babylonia  |x Antiquities. 
651 0 |a Palestine  |x Antiquities. 
901 |a reviewed 
942 |c BK  |2 lcc 
999 |c 17219  |d 17219